000 00937nam a22002057a 4500
005 20100818105822.0
010 _aHIN-90197
020 _c150.00
_a8186209816
035 _aHN-62543
037 _bDBAD / PUB
082 _a808.883
100 _aरावत, नेत्रसिंह
_914879
245 _aपत्थर और पानीः
_cनेत्रसिंह रावत
_bयात्रा संस्मरण /
246 _apather aur panee
_bby Netrsingh Rawat
260 _aहापुड़
_bसंभावना प्रकाशन
_c2010
270 _aरेवती कुंज
_bहापुड़
_e245101
300 _a102पृ.
_c22सेमी (सजिल्द)
942 _2ddc
_cHN
_h808.883
_mरावत
999 _c42456
_d42456